00371nam a2200109Ia 4500008004100000082000800041100001600049245008000065942000600145952009500151999001500246240331s9999 xx 000 0 und d bPEN aKuzhu,M. ed 0aPengal santhippu Malar 2004 :bcollection of women's writings and paintings cL 001040708LaWERCLbWERCLcSSCd2024-03-31l0o 305 PENp1881r2024-03-31w2024-03-31yL c1515d1515